000 00473nam a2200157 a 4500
001 000035136
005 20200930074128.0
008 111025s1969 ag 000 f spa d
040 _aDO-SdBNP
_bspa
_cBNPHU
100 1 _aValera, Juan,
_d1824-1905
_96833
245 1 0 _aPepita Jiménez (novela) /
_cJuan Valera.
260 _aBuenos Aires :
_bEdiciones Hispania,
_c1969.
300 _a152 p. ;
_c18 cm.
650 2 4 _aLiteratura española
_9632
650 2 4 _aNovela española
_91123
999 _c34627
_d34627